LEADER 01063nam 2200361 450 001 990000732960203316 010 $a0-387-94363-3 035 $a0073296 035 $aUSA010073296 035 $a(ALEPH)000073296USA01 035 $a0073296 100 $a20011112d1995----km-y0itay0103----ba 101 $aeng 102 $aUS 105 $a||||||||001yy 200 1 $aCycle representations of Markov processes$fSophia L. Kalpazidou 210 $aNew York$cSpringer$dc1995 215 $aXV, 194 p$d24 cm 225 2 $aApplications of mathematics$v28 410 $12001$aApplications of mathematics$v28 606 0 $aProcessi di Markov 676 $a519.233 700 1$aKALPAZIDOU,$bSophia L.$060748 801 0$aIT$bsalbc$gISBD 912 $a990000732960203316 951 $a519.233 KAL$b10960 ING$c519.233 959 $aBK 969 $aTEC 979 $aPATTY$b90$c20011112$lUSA01$h1415 979 $c20020403$lUSA01$h1721 979 $aPATRY$b90$c20040406$lUSA01$h1650 996 $aCycle representations of Markov processes$983364 997 $aUNISA LEADER 01426cam0-22004451i-450- 001 990000984820403321 005 20060322181154.0 035 $a000098482 035 $aFED01000098482 035 $a(Aleph)000098482FED01 035 $a000098482 100 $a20001205d1962----km-y0itay50------ba 101 1 $aeng$crus 102 $aGB$aUS 105 $aa-------001yy 200 1 $aOperational calculus in two variables and its applications$fby V. A. Ditkin and A. P. Prudnikov$gTranslated by D. M. G. Wishart 210 $aOxford ; New York$cPergamon Press$d1962 215 $a167 p.$cill.$d23 cm 225 1 $aInternational series of monographs on pure and applied mathematics$v24 610 0 $aCalcolo delle variazioni 610 0 $aDifferenze finite 610 0 $aIntegrali di fourier 610 0 $aTrasformazioni di fourier e laplace 610 0 $aFunzioni di variabile complessa 676 $a517.4 676 $a517.5 676 $a517.9 700 1$aDitkin,$bVitaliæi Arsen§evich$0341858 702 1$aPrudnikov,$bAnatoliæi Platonovich 702 1$aWishart,$bD. M. G. 801 0$aIT$bUNINA$gRICA$2UNIMARC 901 $aBK 912 $a990000984820403321 952 $a16-031$b2664$fFI1 952 $aC-37-(24$b12491$fMA1 952 $a16-056$b4435$fFI1 959 $aFI1 959 $aMA1 996 $aOperational calculus in two variables and its applications$9353501 997 $aUNINA LEADER 02024nam 2200565 450 001 9910451853703321 005 20200520144314.0 010 $a1-281-08816-1 010 $a9786611088163 010 $a1-4081-0170-X 035 $a(CKB)1000000000482954 035 $a(EBL)320224 035 $a(OCoLC)191702338 035 $a(SSID)ssj0000248518 035 $a(PQKBManifestationID)12097766 035 $a(PQKBTitleCode)TC0000248518 035 $a(PQKBWorkID)10201929 035 $a(PQKB)11674554 035 $a(MiAaPQ)EBC320224 035 $a(Au-PeEL)EBL320224 035 $a(CaPaEBR)ebr11039535 035 $a(CaONFJC)MIL108816 035 $a(OCoLC)935265035 035 $a(EXLCZ)991000000000482954 100 $a20150415e20052003 uy 0 101 0 $aeng 135 $aur|n|---||||| 181 $ctxt 182 $cc 183 $acr 200 10$aSolving cryptic crosswords /$fB. J. Holmes 210 1$aLondon, [England] :$cA&C Black,$d2005. 210 4$d©2003 215 $a1 online resource (129 p.) 300 $aDescription based upon print version of record. 311 $a0-7136-7738-4 327 $aCOVER; TITLEPAGE; COPYRIGHT; CONTENTS; PREFACE; 1. INTRODUCTION; 2. ENGLISH - WHAT MAKES THE LANGUAGE SO HANDY FOR CROSSWORDING; 3. THE BASIC TRICKS; 4. TYPES OF CLUE - COMPOUND & NESTING; 5. OTHER TYPES OF CLUE; 6. MORE ON THE SELECTION OF LETTERS; 7. COMPLICATIONS SET IN; 8. SUBSIDIARY TRICKS; 9. CONCLUSION; PRACTICE CLUES; ANSWERS; GLOSSARY 330 $aThis title offers hundreds of examples to illustrate how crossword clues work and helps readers understand how crosswords are created and how to interpret the clues. 606 $aCrossword puzzles 608 $aElectronic books. 615 0$aCrossword puzzles. 676 $a793.732 700 $aHolmes$b B. J.$0966693 801 0$bMiAaPQ 801 1$bMiAaPQ 801 2$bMiAaPQ 906 $aBOOK 912 $a9910451853703321 996 $aSolving cryptic crosswords$92193837 997 $aUNINA LEADER 02905nam 22006495 450 001 9910682554303321 005 20251008131323.0 010 $a9783031205613$b(electronic bk.) 010 $z9783031205606 024 7 $a10.1007/978-3-031-20561-3 035 $a(MiAaPQ)EBC7214767 035 $a(Au-PeEL)EBL7214767 035 $a(CKB)26270992000041 035 $a(DE-He213)978-3-031-20561-3 035 $a(PPN)269098623 035 $a(EXLCZ)9926270992000041 100 $a20230314d2023 u| 0 101 0 $aeng 135 $aurcnu|||||||| 181 $ctxt$2rdacontent 182 $cc$2rdamedia 183 $acr$2rdacarrier 200 10$aTRIZ in Latin America $eCase Studies /$fedited by Guillermo Cortes Robles 205 $a1st ed. 2023. 210 1$aCham :$cSpringer International Publishing :$cImprint: Springer,$d2023. 215 $a1 online resource (239 pages) 311 08$aPrint version: Cortes Robles, Guillermo TRIZ in Latin America Cham : Springer International Publishing AG,c2023 9783031205606 320 $aIncludes bibliographical references and index. 327 $aThe use of TRIZ in the manufacturing industry: Cases and tools -- The adoption of TRIZ in the service industry: Cases and tools -- Part three: The combination of TRIZ with other techniques -- Part four: The assimilation of TRIZ in the LATAM universities: new teaching resources -- Part five: Most relevant tendencies in the TRIZ application. 330 $aThis book describes the adoption process of TRIZ under challenging conditions and under serious limitations. It presents the integration of TRIZ with other techniques to solve problems in the Latin America industry. The chapters contain some industrial cases that explain the adoption process of TRIZ. They also describe the restrictions or limits on the use and adoption of TRIZ. This book describes a strategy to apply the TRIZ tools for product or service design. Case studies from different universities and enterprises are presented to facilitate the assimilation of the TRIZ concepts and tools. 606 $aEngineering design 606 $aBusiness 606 $aManagement science 606 $aManagement 606 $aManufactures 606 $aEngineering Design 606 $aBusiness and Management 606 $aManagement 606 $aMachines, Tools, Processes 615 0$aEngineering design. 615 0$aBusiness. 615 0$aManagement science. 615 0$aManagement. 615 0$aManufactures. 615 14$aEngineering Design. 615 24$aBusiness and Management. 615 24$aManagement. 615 24$aMachines, Tools, Processes. 676 $a600 676 $a609.8 702 $aCortes-Robles$b Guillermo 801 0$bMiAaPQ 801 1$bMiAaPQ 801 2$bMiAaPQ 912 $a9910682554303321 996 $aTRIZ in Latin America$93083428 997 $aUNINA